| 000 | 00536nam a2200205Ia 4500 | ||
|---|---|---|---|
| 008 | 180523s9999 xx 000 0 und d | ||
| 020 | _a0-07-125327-0 | ||
| 050 | _aMAIN QC 23 | ||
| 050 | _b.G53 2007 | ||
| 100 | _aGiambattista, Alan | ||
| 245 | 0 | _aCollege physics / | |
| 245 | 0 | _cAlan Giambattista, Betty McCarthy Richardson, Robert C. Richardson. | |
| 250 | _a2nd Edition | ||
| 260 | _bMcGraw-Hill, | ||
| 260 | _c2007 | ||
| 300 | _a1104 pages : | ||
| 300 | _c23 cm. | ||
| 500 | _aIncludes index. | ||
| 650 | _aPhysics. | ||
| 999 |
_c357520 _d357520 |
||